| 000 | 00802nam a22002177a 4500 | ||
|---|---|---|---|
| 005 | 20100817120151.0 | ||
| 010 | _aENG-100682 | ||
| 020 |
_a9788190797900 _c70.00 |
||
| 035 | _aEN-84215 | ||
| 037 | _bDBAD/PUB | ||
| 082 | _a001.42072 | ||
| 100 |
_aGomathi, P. _914312 |
||
| 245 |
_aResearch methodology statistics / _cby P. Gomathi |
||
| 260 |
_aChennai _bCharu Publications _c2009 |
||
| 270 |
_a2/22, Gothavari Street , Chinmaya Nagar _bChennai _e600111 |
||
| 300 |
_a211p.: _bill. _c20cm (pbk) |
||
| 500 | _aIncludes bibliographical references | ||
| 650 |
_aResearch methodology statistics _914313 |
||
| 942 |
_2ddc _cEN _h001.42072 _mGOM |
||
| 999 |
_c42272 _d42272 |
||